Fill In the Album Title - Statistics

General Stats
  • This quiz has been taken 28 times
  • The average score is 12 of 20
Answer Stats
Musical artist Answer Year released % Correct
Bruce Springsteen Born in the {U.S.A.} 1984
100%
Eagles {Hotel} California 1976
100%
Britney Spears {Oops}!... I Did It Again 2000
100%
The Beatles {Abbey} Road 1969
93%
AC/DC Back in {Black} 1980
93%
Pink Floyd The {Dark} {Side} of the Moon 1973
93%
Green Day American {Idiot} 2004
81%
Madonna Like a {Virgin} 1984
78%
Dire Straits Brothers in {Arms} 1985
74%
Michael Jackson Off the {Wall} 1979
74%
Simon & Garfunkel {Bridge} over Troubled Water 1970
70%
Celine Dion Let's Talk About {Love} 1997
70%
50 Cent Get {Rich} or Die Tryin' 2003
67%
Guns N' Roses Chinese {Democracy} 2008
30%
Beyoncé Cowboy {Carter} 2024
30%
Taylor Swift The {Tortured} {Poets} Department 2025
30%
Daft Punk Random {Access} Memories 2013
26%
Coldplay {Viva} {la} {Vida} or Death and All His Friends 2008
15%
Imagine Dragons Night {Visions} 2012
11%
One Direction {Midnight} Memories 2013
7%
No matching quizzes found
Score Distribution
Percent of People with Each Score
Percentile by Number Answered
Your Score History
You have not taken this quiz